|
|
|
|
| LEADER |
00000nab a2200000 a 4500 |
| 001 |
vtls000791123 |
| 003 |
SK-MaSNL |
| 005 |
20260426105629.0 |
| 008 |
140301c2002 xo 0 slo |
| 015 |
|
|
|a SNBRB2002/04-13505
|
| 035 |
|
|
|a CLN000142778
|
| 040 |
|
|
|a SNKBUCL
|b slo
|c SNKBUCL
|e AACR2
|
| 041 |
0 |
|
|a slo
|
| 044 |
|
|
|a xo
|c SK
|
| 080 |
|
|
|a 336.76(437.6:48):339.13.025.2
|2 1997
|
| 080 |
|
|
|a 336.76(489+485+480+481)
|2 1997
|
| 080 |
|
|
|a 339.13.025.2(437.6:48)
|2 1997
|
| 100 |
1 |
|
|a Šťastný, Slavomír,
|d 1961-
|4 aut
|
| 245 |
1 |
0 |
|a Integrovaný dohľad nad finančným trhom
|b škandinávska skúsenosť a slovenské alternatívy
|c Slavomír Šťastný
|
| 300 |
|
|
|b Fotogr.
|
| 500 |
|
|
|a Dokončenie v č. 61/2002
|
| 650 |
0 |
7 |
|a integrovaný dohľad
|2 snkbucl
|9 1593528
|
| 650 |
0 |
7 |
|a finančné trhy
|2 snkbucl
|9 2275
|
| 651 |
|
7 |
|a Slovensko
|2 snkbucl
|9 14231
|
| 651 |
|
7 |
|a Škandinávia
|2 snkbucl
|9 66960
|
| 655 |
|
7 |
|a články z novín a časopisov
|2 snkbucl
|9 267496
|
| 773 |
0 |
|
|t Hospodárske noviny
|g Roč. 10, č. 60 (26.3.2002), s. 21 a 23
|x 1335-4701
|
| 850 |
|
|
|a Slovenská národná knižnica v Martine
|
| 852 |
|
|
|a SNK
|b KIS3GCP
|
| 958 |
|
|
|a SK
|
| 992 |
|
|
|a RBX
|
| 999 |
|
|
|c 3356331
|d 3358261
|